| 000 | 00908cam a2200253 i 4500 | ||
|---|---|---|---|
| 003 | SA-RiAUC | ||
| 005 | 20251102131033.0 | ||
| 008 | 251031s1963 su g l 000r0 ara c | ||
| 040 |
_aSA-RiKSU _bara _cSA-RiAUC _erda |
||
| 043 | _aa-su--- | ||
| 082 | 0 | 4 | _a346.531066 |
| 090 |
_a346.531066 _bس ع و |
||
| 110 |
_aالسعودية _eمؤلف |
||
| 245 | 0 | 0 | _aنظام لشركة تعدين الأملاح السعودية. |
| 264 | 1 |
_aمكة المكرمة : _bمطبعة الحكومة، _c[1963] |
|
| 300 |
_a24 صفحة؛ _c24 سم. |
||
| 336 |
_aنص _btxt _2rdacontent _3كتاب |
||
| 337 |
_aبدون وسيط _bn _2rdamedia |
||
| 338 |
_aمجلد _bnc _2rdacarrier |
||
| 650 | 7 |
_aالشركات _xقوانين وتشريعات _zالسعودية _2aucsh |
|
| 650 | 7 |
_aالقانون التجاري _zالسعودية _2aucsh |
|
| 942 |
_2ddc _cBOOK _n0 |
||
| 949 |
_aSA-JeALM _d251031 _umohamedma123 _n1 |
||
| 999 |
_c12928 _d12928 |
||